Vinh quang của cha tôi : Hồi ký tuổi thơ /

সংরক্ষণ করুন:
গ্রন্থ-পঞ্জীর বিবরন
প্রধান লেখক: Pagnol, Marcel
অন্যান্য লেখক: Hoàng Hữu Đản
বিন্যাস: Sách giấy
ভাষা:Vietnamese
প্রকাশিত: TP.HCM : TP.HCM , 1996
ট্যাগগুলো: ট্যাগ যুক্ত করুন
কোনো ট্যাগ নেই, প্রথমজন হিসাবে ট্যাগ করুন!
Thư viện lưu trữ: Thư viện Trường Đại học Đà Lạt
LEADER 00614nam a2200253 4500
001 DLU020010279
005 ##11/23/1999
041 # # |a vie 
082 # # |a 843  |b PA-M 
090 # # |a 843  |b PA-M 
100 # # |a Pagnol, Marcel 
245 # # |a Vinh quang của cha tôi :  |b Hồi ký tuổi thơ /  |c Hoàng Hữu Đản, Pagnol Marcel 
260 # # |a TP.HCM :  |b TP.HCM ,  |c 1996 
300 # # |a 364 tr.;   |c 21 cm. 
700 # # |a Hoàng Hữu Đản 
992 # # |a 30000 
994 # # |a DLU 
900 # # |a False 
911 # # |a admin 
925 # # |a G 
926 # # |a A 
927 # # |a SH 
980 # # |a Thư viện Trường Đại học Đà Lạt